| 000 | 00667nam a2200193Ii 4500 | ||
|---|---|---|---|
| 003 | JO-AjNU | ||
| 008 | 230605s9999||||xx |||||||||||||| ||und|| | ||
| 040 |
_aJO-AjNU _bara _erda _cJO-AjNU |
||
| 041 | _aara | ||
| 050 | 1 | 4 | _aRC802.B3458 1985 |
| 100 | 3 |
_aبكفلوني، طلال طاهر, _eauthor _918579 |
|
| 245 | 0 | 0 | _aالأمراض الهضمية ذات المنشأ العصبي والنفسي |
| 264 | 3 | 1 | _aدمشق: دار اسامة، 1985 |
| 300 | _a190ص | ||
| 336 |
_atext _btxt _2rdacontent |
||
| 337 |
_aunmediated _bn _2rdamedia |
||
| 338 |
_avolume _bnc _2rdacarrier |
||
| 650 | 4 |
_aامراض جهاز الهضم- الامراض الباطنية _918580 |
|
| 999 |
_aA5969 _c9537 _d9537 |
||